| 000 | 00762nam a22002057a 4500 | ||
|---|---|---|---|
| 999 |
_c11332 _d11332 |
||
| 003 | AR-CdUCM | ||
| 008 | 190403b ||||| |||| 00| 0 spa d | ||
| 040 |
_aMUNICIPALIDAD PROVINCIAL DEL CUSCO _cBIBLIOTECA MUNICIPAL DEL CUSCO |
||
| 082 |
_a124.9 / _bT13 / 1901 |
||
| 100 |
_aTaine, Hipólito _96282 |
||
| 245 | _aLos filósofos del siglo XIX / | ||
| 260 |
_aMadrid : _bLa España moderna, _c1901. |
||
| 300 |
_a300 páginas ; _c22 cm. |
||
| 440 |
_aBiblioteca de jurisprudencia, filosofía e historia ; _928511 |
||
| 505 | _aContenido: Como pereció el sensualismo -- Como nació el espiritualismo -- La primera lectura -- Estilo oratorio de M. Cousin ... | ||
| 650 |
_aFilosofía _9395 |
||
| 650 |
_aSiglo XIX. _9971 |
||
| 942 |
_2ddc _cLIBROS |
||
| 945 | _aacv | ||